• 首页
  • 本馆介绍
  • 公告通知
  • 最新文献
  • 馆藏检索
  • 电子资源
  • 读者导购
  • 参考咨询
  • 我的图书馆
  • 登录
  • 详细信息显示
  • 放入我的书架
  • 预约/预借图书
  • 作者相关作品
  • 分类相关作品
  • 丛书相关作品
  • 出版社相关作品

书目信息

  • 表格格式
  • 工作单格式
  • 卡片格式
题名:
绝妙的盛装
    
 
作者: 郝艳华 著
分册:  
出版信息: 沈阳   辽海出版社  2006.09
页数: 170页
开本: 21cm
丛书名: 中国历史文化丛书
单 册:
中图分类: K892.23
科图分类:
主题词: 中国--古代--丛书 , 风俗习惯
电子资源:
ISBN: 7-80638-865-6
000 00770nam0 2200265 450
001 012006000000
005 20071015154854.88
010    @a7-80638-865-6@dCNY24.00
100    @a20070509d2006 em y0chiy0110 ea
101 0  @achi
102    @aCN@b210000
105    @ay z 000yy
200 1  @a绝妙的盛装@AJue Miao De Sheng Zhuang@e中华服饰@EZhong Hua Fu Shi@f郝艳华著@FHao Yan Hua Zhu
210    @a沈阳@c辽海出版社@d2006.09
215    @a170页@d21cm
225 2  @a中国历史文化丛书
410  0 @12001 @a中国历史文化丛书
517 1  @a中华服饰@AZhong Hua Fu Shi
606 0  @a中国@z古代@j丛书
606 0  @a风俗习惯
690    @aK892.23@v4
701  0 @a郝艳华@AHao Yan Hua@4著
801  0 @aCN@bBJSWSY@c20071015
905    @aBZT@dK892.23@e5
906    @dCNY24.00@n0@r1
    
    绝妙的盛装:中华服饰/郝艳华著.-沈阳:辽海出版社,2006.09
    170页;21cm.-(中国历史文化丛书)
    
    
    ISBN 7-80638-865-6:CNY24.00
    
●
相关链接 在五车中查询图书 在当当中查询图书 在豆瓣中查询图书


正题名:绝妙的盛装     索取号:K892.23/5         预约/预借

序号 登录号 条形码 馆藏地/架位号 状态 备注
1 593265   230167617   中心书库南/015架A面5层4列/ [索取号:K892.23/5] 在馆    
2 593266   230167614   中心书库南/015架A面5层4列/ [索取号:K892.23/5] 在馆    
3 593267   230167613   中心书库南/015架A面5层4列/ [索取号:K892.23/5] 在馆    
4 593268   230167616   中心书库南/015架A面5层4列/ [索取号:K892.23/5] 在馆    
5 593269   230167615   中心书库南/015架A面5层4列/ [索取号:K892.23/5] 在馆    
山东省滨州职业学院图书馆 欢迎您!
大连网信软件有限公司© 版权所有